Statistics for Famous Football Commentary (Part 1)

Click here to take the quiz!

General Stats

  • This quiz has been taken 17 times
    (14 since last reset)
  • The average score is 4 of 17

Answer Stats

HintAnswer% Correct
Manchester City are still alive here. Balotelli. _____!Aguero
75%
I swear you'll never see anything like this ever again. So watch it, ____ it in.Drink
58%
Too far for ____ to think about it.Ronaldo
50%
____ could raise the roof here for England.Beckham
42%
Here's ____, Deeney!Hogg
25%
____, the Greek God in Rome!Manolas
25%
Extraordinary scenes at the ____ ____!Nou Camp
17%
Roma has ____ ____ _____ _____!risen from their ruins
17%
What a goal we have just seen from ____ _____Roberto Carlos
17%
And I can't remember the last time, I saw ____ ____ ____!something like this
17%
I have just seen the most insane goal! I have ever seen on a football pitch! Incredible from ____ ____!Zlatan Ibrahimovic
17%
____, ____! I don't believe it!Dear
8%
Wow! This man is just mainline to pure ____ _____, that belongs in a different galaxy altogether that we are living in!footballing magic
8%
It's a ____ ____ ____. Oh my God! An insane goal!long ball through
8%
It's a 30 yard free kick with a 20 yard ____ ____run up
8%
____ ____, the substitute, is the hero of the hour and it is the greatest Champions League knockout comeback of all time!”Sergi Roberto
8%
“It's Neymar trying to feed it through, it's a ____ ____ ____ ____!stretch and it's in
8%

Score Distribution

Percentile by Number Answered

Percent of People with Each Score

Your Score History

You have not taken this quiz since the last reset